Welcome to CU Library Online Public Access Catalogue (OPAC)

Patient education : (Record no. 2758)

MARC details
000 -LEADER
fixed length control field 00875cam a22002414a 4500
001 - CONTROL NUMBER
control field 12043749
005 - DATE AND TIME OF LATEST TRANSACTION
control field 20250122092803.0
008 - FIXED-LENGTH DATA ELEMENTS--GENERAL INFORMATION
fixed length control field 000616s2001 caua b 001 0 eng
020 ## - INTERNATIONAL STANDARD BOOK NUMBER
International Standard Book Number 076192289X (c : acidfree paper)
020 ## - INTERNATIONAL STANDARD BOOK NUMBER
International Standard Book Number 0761922903 (p : acidfree paper)
050 00 - LIBRARY OF CONGRESS CALL NUMBER
Classification number R727.4
Item number .L67 2001
082 00 - DEWEY DECIMAL CLASSIFICATION NUMBER
Classification number 615.5/071
Edition information 21
100 1# - MAIN ENTRY--PERSONAL NAME
Personal name Lorig, Kate.
245 10 - TITLE STATEMENT
Title Patient education :
Remainder of title a practical approach /
Statement of responsibility, etc. by Kate Lorig and associates.
250 ## - EDITION STATEMENT
Edition statement 3rd ed.
260 ## - PUBLICATION, DISTRIBUTION, ETC.
Place of publication, distribution, etc. Thousand Oaks, Calif. :
Name of publisher, distributor, etc. Sage Publications,
Date of publication, distribution, etc. c2001.
300 ## - PHYSICAL DESCRIPTION
Extent xvi, 246 p. ;
Other physical details ill. ;
Dimensions 23 cm.
650 #0 - SUBJECT ADDED ENTRY--TOPICAL TERM
Topical term or geographic name entry element Patient education.
700 ## - ADDED ENTRY--PERSONAL NAME
Personal name Associates
856 42 - ELECTRONIC LOCATION AND ACCESS
Materials specified Publisher description
Uniform Resource Identifier <a href="http://www.loc.gov/catdir/enhancements/fy0656/00010036-d.html">http://www.loc.gov/catdir/enhancements/fy0656/00010036-d.html</a>
856 41 - ELECTRONIC LOCATION AND ACCESS
Materials specified Table of contents only
Uniform Resource Identifier <a href="http://www.loc.gov/catdir/enhancements/fy0656/00010036-t.html">http://www.loc.gov/catdir/enhancements/fy0656/00010036-t.html</a>
942 ## - ADDED ENTRY ELEMENTS (KOHA)
Source of classification or shelving scheme Library of Congress Classification
Koha item type Books
Edition 3rd ed.
Suppress in OPAC No
999 ## -
-- 2758
-- 2758
Holdings
Withdrawn status Lost status Source of classification or shelving scheme Damaged status Not for loan Collection Home library Current library Shelving location Date acquired Total checkouts Full call number Barcode Date last seen Copy number Price effective from Koha item type
    Library of Congress Classification     Non-fiction Science Library (Miotso) Science Library (Miotso) General stacks 01/22/2025   R727.4 .L67 LOR SLM00002074 01/22/2025 1 01/22/2025 Books
    Library of Congress Classification     Non-fiction Science Library (Miotso) Science Library (Miotso) General stacks 01/22/2025   R727.4 .L67 LOR SLM00002075 01/22/2025 2 01/22/2025 Books
    Library of Congress Classification     Non-fiction Science Library (Miotso) Science Library (Miotso) General stacks 01/22/2025   R727.4 .L67 LOR SLM00002076 01/22/2025 3 01/22/2025 Books
    Library of Congress Classification     Non-fiction Science Library (Miotso) Science Library (Miotso) General stacks 01/22/2025   R727.4 .L67 LOR SLM00002077 01/22/2025 4 01/22/2025 Books
    Library of Congress Classification     Non-fiction Science Library (Miotso) Science Library (Miotso) General stacks 01/22/2025   R727.4 .L67 LOR SLM00002078 01/22/2025 5 01/22/2025 Books
© 2023-2024 Copyright: Central University Libraries. All Rights Reserved | Created by: Mahone Tech Office